000 01518cam a22004574i 4500
003 PE-LiUPU
005 20250731173503.0
008 150616s r 000 0 d
020 _a0875523757
035 _a(Sirsi) i9780875523750
040 _aPE-LiUPU
_bspa
_cPE-LiUPU
_erda
049 _aPRUA
082 0 4 _a221.64
_bP82
_221
100 1 _aPoythress, Vern S.,
_eautor.
245 1 4 _aThe Shadow of Christi in the Law of Moses.
264 1 _aPhillipsburg, New Jersey :
_bP&R Publishing,
_c1991.
300 _a422 páginas ;
_c23 centímetros
336 _atext
_2rdacontent
337 _aunmediated
_2rdamedia
338 _avolume
_2rdacarrier
505 0 _aUnderstanding the different aspects of the law -- Understanding specific penalties of the law. law.
526 _aSEG42
526 _aSEG41
526 _aSEG40
526 _aSEG39
526 _aP94
526 _aP87
526 _aP86
526 _aP85
526 _aP77
526 _aP76
526 _aP35
650 0 4 _aTIPOLOGIA EN LA TEOLOGIA.
910 _ajck
_bjvq
_cjck
942 _2ddc
_cBOOK
949 _a221.64 P82
_wDEWEY
_c1
_i40360
_lCCODEBUL1
_mBUL
_r0
_sY
_tBOOK
_u2015-6-16
_xTEOLOGIA
_zUNKNOWN
_0COMPRA
_o.STAFF. Colección General
994 _aC0
_bPEPRU
596 _a1
999 _a221.64 P82
_wDEWEY
_c58166
_i40360
_f2021-11-9
_g5
_lCCODEBUL1
_mBUL
_r0
_sY
_tBOOK
_u2015-6-16
_xTEOLOGIA
_zUNKNOWN
_0COMPRA
_o.STAFF. Colección General
_d58166
980 _81
_gALBERTO SANCHEZ Responsable de Automatización